000 01155 a2200277 4500
999 _c5797
_d5797
020 _a9781138955035 (hbk)
020 _a1138955035 (hbk)
020 _a9781138955042 (pbk)
020 _a1138955043 (pbk)
050 0 0 _aSD247 GEN 2016
100 _aColfer, Carol J. Pierce
_eeditor
245 0 0 _aGender and forests :
_bclimate change, tenure, value chains and emerging issues /
_cedited by Carol J. Pierce Colfer, Bimbika Sijapati Basnet,t and Marln̈e Elias.
264 1 _aLondon ;
_aNew York :
_bRoutledge, Taylor & Francis Group,
_c2016.
300 _axxix, 331 pages :
_billustrations ;
500 _a"Earthscan from Routledge."
504 _aIncludes bibliographical references and index.
650 0 _aForest management
_xSocial aspects.
650 0 _aForest management
_xCitizen participation.
650 0 _aGender mainstreaming
650 0 _aWomen in conservation of natural resources
650 0 _aWomen in forestry
700 1 _aBasnett, Bimbika Sijapati
_eeditor.
700 1 _aElias, Marlene
_eeditor
942 _2lcc
_cBK
_h247
_iGEN
_kSD